000
00339 a2200157 4500
001
154916
040
_c
Escola São Tomás de Aquino
100
_a
FONSECA, Martha Reis Marques
240
1
0
_a
Química Geral
_l
por
245
1
0
_a
Química Geral
300
_a
144
362
0
_a
2007
440
1
_a
FTD
697
_a
QUÍMICA
942
_c
BK
999
_c
154916
_d
154916